000 02001cam a22005894i 4500
003 PE-LiUPU
005 20250731170418.0
008 150623s1997 gau rb 000 0 eng d
020 _a157312091X
020 _a9781573120913
035 _a(Sirsi) i9781573120913
040 _aPE-LiUPU
_bspa
_cPE-LiUPU
_dPE-LiUPU
_erda
049 _aPRUA
082 0 4 _a158
_bB83
_221
100 1 _aBrister, C. W.,
_eautor.
245 1 0 _aChange Happens :
_bfinding your way through life's transitions /
_cC. W. Brister.
264 1 _aMacon, Georgia :
_bPeake Road,
_c1997.
300 _a132 páginas ;
_c24 centímetros
336 _atext
_2rdacontent
337 _aunmediated
_2rdamedia
338 _avolume
_2rdacarrier
504 _aIncluye bibliografía.
505 0 _aChanges, challenges, and choices -- The many sides of change -- When things are set in motion -- Finding your way -- Pathways to change management -- Losing the place we call home -- The struggle to be home at last -- Talking responsiblity for your life -- -Expliring rituals of transition.
526 _aSEG68
526 _aSEG70
526 _aSEG69
526 _aSEG67
526 _aSEG43
526 _aP144
526 _aP143
526 _aP131
526 _aP122
526 _aP120
526 _aP117
526 _aP112
526 _aP110
526 _aP106
526 _aP101
526 _aP80
526 _aP59
526 _aP54
526 _aP35
526 _aP33
526 _aP30
650 0 4 _aPsicología aplicada.
942 _2ddc
_cBOOK
949 _a158 B83
_wDEWEY
_c1
_i48182
_lCCODEBUL1
_mBUL
_r0
_sY
_tBOOK
_u2015-6-24
_xTEOLOGIA
_PP35
_0COMPRA
_o.STAFF. Colección Ciencias de la Salud
994 _aC0
_bPEPRU
596 _a1
999 _a158 B83
_wDEWEY
_c25158
_i48182
_f2021-11-3
_g5
_lCCODEBUL1
_mBUL
_p30.00
_r0
_sY
_tBOOK
_u2015-6-24
_xSALUD
_zP35
_0COMPRA
_o.STAFF. Colección Teología
_d25158
980 _81
_gALBERTO SANCHEZ Responsable de Automatización